zpět

Detail výsledku týmu

Expedice, Šternberk

Datum a čas kvízu

35.5 Celkem bodů Celkový počet nahraných bodů na tomto kvízu bez doplňovacích otázek.
1. Pořadí na kvízu Konečné umístění týmu na tomto kvízu.

Zaznamenané odpovědi

# Otázka Odpověď Body Výsledky
1. Poprvé v novodobé historii Čes... Číslo 66. 1
2. Americké úřady obvinily inžený... sendvič 0
3. Dům U kamenného zvonu v Praze... Frida Kahlo 1
4. Firma Apple opět vzbudila pozo... Čisticí hadřík. 1
5. Útočník Evander Kane ze San Jo... Zfalšoval očkovací průkaz. 0
6. Toto téma začneme manželkami k... 1B 2C 3A 4D 1
7. Přesuneme se ke Králi popu. Ja... Neverland 1
8. Kterému sportu se profesionáln... Tenisu. 1
9. Mnoho deskových her využívá kr... Shogi 1
10. V roce 2021 streamovací platfo... Král Šamanů (Shaman King) 0